| 000 | 00705nam a22001337a 4500 | ||
|---|---|---|---|
| 008 | 150930b xxu||||| |||| 00| 0 eng d | ||
| 020 | _a091673028 | ||
| 245 | _aNursing photobook: giving cardic care. / | ||
| 260 |
_aHorsham: _bEugene W. Jackson. _c1981. |
||
| 300 |
_a160 p.: _bill (col); _c24cm. |
||
| 500 | _aIncludes in index. | ||
| 505 | _aContents:Introduction -- Cardiac assessment -- Cardiograhy -- Radiograhy -- Sonic tests -- Pulse wave tracings -- Invasive tests -- Cardiac monitors -- Emergency procedures -- Cardiac pacemakers -- Cardiac rehabilitation -- Appendices -- Nurses' guide to cardiac drugs -- Nurses' guide to EKG interpretations -- Nurses' to diagnostic blod work | ||
| 942 |
_2lcc _cBK |
||
| 999 |
_c5753 _d13253 |
||